Catálogo
 En Linea

Introducción al lenguaje FORTRAN / (Registro nro. 22551)

Detalles MARC
000 -CABECERA
campo de control de longitud fija 00543nam a2200181 a 4500
001 - NÚMERO DE CONTROL
campo de control 000023054
005 - FECHA Y HORA DE LA ÚLTIMA TRANSACCIÓN
campo de control 20200930021946.0
008 - DATOS DE LONGITUD FIJA--INFORMACIÓN GENERAL
campo de control de longitud fija 101125s1975 ag r 000 | spa d
040 ## - FUENTE DE LA CATALOGACIÓN
Centro catalogador/agencia de origen DO-SdBNP
Lengua de catalogación spa
Centro/agencia transcriptor BNPHU
082 ## - NÚMERO DE LA CLASIFICACIÓN DECIMAL DEWEY
Número de clasificación xxx
Número de documento/Ítem C854i
049 ## - FONDOS LOCALES (OCLC)
Fondos de biblioteca BNGR
100 1# - ENTRADA PRINCIPAL--NOMBRE DE PERSONA
Nombre de persona Couger, J. Daniel
9 (RLIN) 47451
245 10 - MENCIÓN DE TÍTULO
Título Introducción al lenguaje FORTRAN /
Mención de responsabilidad, etc. J. Daniel Couger, Loren E. Shannon.
260 ## - PUBLICACIÓN, DISTRIBUCIÓN, ETC.
Lugar de publicación, distribución, etc. Buenos Aires :
Nombre del editor, distribuidor, etc. [s.n.],
Fecha de publicación, distribución, etc. 1975.
300 ## - DESCRIPCIÓN FÍSICA
Extensión xiii, 158 p. ; :
Otras características físicas il. , ;
Dimensiones 1975.
500 ## - NOTA GENERAL
Nota general Incluye glosario
700 1# - PUNTO DE ACCESO ADICIONAL--NOMBRE DE PERSONA
Nombre de persona Shannon, Loren E
9 (RLIN) 47452
Existencias
Estado de retiro Estado de pérdida Restricciones de uso No para préstamo Código de colección Localización permanente Ubicación/localización actual Ubicación en estantería Fecha de adquisición Número de inventario Total de préstamos Signatura topográfica completa Código de barras Fecha visto por última vez Precio válido a partir de Tipo de ítem Koha
      Excluido de préstamo Monografías: Libros y Folletos General General En catalogación 25.11.2010 LF1   xxx C854i 23054-10 25.06.2020 25.06.2020 No se presta

Con tecnología Koha